Statistics for 🇨🇭First names of Swiss Cities🇨🇭

Click here to take the quiz!

General Stats

  • This quiz has been taken 31 times
  • The average score is 3 of 8

Answer Stats

Old NameNew Name% Correct
TuricumZürich
93%
LousonnaLausanne
90%
Aventicum/WiflispurgAvenches
21%
Augusta RauricaKaiseraugst
21%
OctodurusMartigny
17%
AarmühleInterlaken
14%
EburodunumYverdon-les-Bains
7%
MinnodunumMoudon
3%

Score Distribution

Percentile by Number Answered

Percent of People with Each Score

Your Score History

You have not taken this quiz